000
00297nam a2200109Ia 4500
001
1272245
005
20260417151424.0
008
260417s9999 xx 000 0 und d
020
_a
9786256495197
245
0
_a
Halide Edip Adıvar ve Kahverengi Valiz
_c
Büşra Şen Altun
260
_b
Ketebe Çocuk
999
_c
1272245
_d
1272245